000 00218nam a2200097Ia 4500
008 190216s9999||||xx |||||||||||||| ||und||
100 _aFrancis V M
245 0 _aMadam Quoory
260 _bKerala Basha Inst
942 _cBK
999 _c39967
_d39967